The Friday Multiple Choice Quiz (General Knowledge) #25 - Statistics

General Stats
  • This quiz has been taken 25 times
  • The average score is 6 of 10
Answer Stats
Question Answer % Correct
Which TV series' tagline was 'The Truth Is Out There'? X-Files
86%
Which station on the London Underground comprises of two words which are both kinds of cheese? Swiss Cottage
82%
Which American businessman founded CNN in 1980? Ted Turner
82%
The cities of Nessebar, Burgas and Plovdiv are in which country? Bulgaria
77%
What were the first Lego toys made of? Wood
73%
From which play does this line come: "Methought I heard a voice cry: "sleep no more!" " MacBeth
59%
What are the blades at the end of an anchor called? Flukes
55%
The Strait of Denmark lies between Greenland and which country? Iceland
45%
What do the letters ZIP stand for in the American ZIP Code? Zone Improvement Plan
27%
In what year was the 'magic eye' technology first used for line calls at Wimbledon? 1980
0%
No matching quizzes found
Score Distribution
Percent of People with Each Score
Percentile by Number Answered
Your Score History
You have not taken this quiz